Protecting your PC (Record no. 3589)

MARC details
000 -LEADER
fixed length control field 00437 a2200157 4500
000 - LEADER
fixed length control field BKB
001 - CONTROL NUMBER
control field 070064
005 - DATE AND TIME OF LATEST TRANSACTION
control field 20200902150754.0
008 - FIXED-LENGTH DATA ELEMENTS--GENERAL INFORMATION
fixed length control field
082 ## - DEWEY DECIMAL CLASSIFICATION NUMBER
Classification number 005.8
Item number B23P
100 1# - MAIN ENTRY--PERSONAL NAME
Personal name Barile, Ian
245 1# - TITLE STATEMENT
Title Protecting your PC
Statement of responsibility, etc by Ian Barile
260 ## - PUBLICATION, DISTRIBUTION, ETC. (IMPRINT)
Place of publication, distribution, etc Australia
Name of publisher, distributor, etc Cengage Learning
Date of publication, distribution, etc 2009
300 ## - PHYSICAL DESCRIPTION
Extent 364p.
690 ## - LOCAL SUBJECT ADDED ENTRY--TOPICAL TERM (OCLC, RLIN)
Topical term or geographic name as entry element Computer networks--Security measures; Computer security
Holdings
Withdrawn status Lost status Damaged status Not for loan Home library Current library Date acquired Cost, normal purchase price Total Checkouts Full call number Barcode Date last seen Date checked out Price effective from Koha item type
        Central University Of Rajasthan Central University Of Rajasthan 07/03/2012 350.00 1 005.8 B23P 4351 03/03/2026 12/02/2026 02/09/2020 Books